00662 2200241 4500001002100000005001700021008004100038020002200079035002400101040001200125082001600137084001800153100002700171245006300198260003300261300002800294500001600322650001900338850001200357990001700369990001700386990001700403INLIS00000000001841320170118101847.0  a978-602-8316-67-5 0010-031600000000423 aYOPDYOG 223a297.092 a297.092 Pak J aPAKIH SATI, D.A, 1985- aJejak hidup dan keteladanan imam 4 mazhabc/ DA Pakih Sati aYogyakartabKana Mediac2014 a220 hlm. 21 cm. (3 eks) abibliografi aBiografi Islam aYOPDYOG a535-RBM/B.15 a536-RBM/B.15 a537-RBM/B.15